000
00212nam a2200097Ia 4500
008
240331s9999 xx 000 0 und d
082
_b
SIL
100
_a
Silva,K.T
245
0
_a
Catiyinmaiya catimaraippa
942
_c
L
999
_c
4689
_d
4689